书目信息 |
| 题名: |
当代会展建筑发展趋势暨我国会展建筑发展探索
|
|
| 作者: | 周振宇 著 | |
| 分册: | ||
| 出版信息: | 北京 中国建筑工业出版社 2008 |
|
| 页数: | 300页 | |
| 开本: | 24cm | |
| 丛书名: | 博士论丛 | |
| 单 册: | ||
| 中图分类: | TU242.5 | |
| 科图分类: | ||
| 主题词: | 展览馆--建筑设计--研究--中国 | |
| 电子资源: | ||
| ISBN: | 978-7-112-10430-7 | |
| 000 | 01191oam2 2200265 450 | |
| 001 | 0100004137 | |
| 005 | 20191103081859.10 | |
| 010 | @a978-7-112-10430-7@dCNY42.00 | |
| 100 | @a20090511d2008 kemy0chiy50 ea | |
| 101 | 0 | @achi@deng |
| 102 | @aCN@b110000 | |
| 105 | @aa z 000yy | |
| 200 | 1 | @a当代会展建筑发展趋势暨我国会展建筑发展探索@f周振宇著@Adang dai hui zhan jian zhu fa zhan qu shi ji wo guo hui zhan jian zhu fa zhan tan suo |
| 210 | @a北京@c中国建筑工业出版社@d2008 | |
| 215 | @a300页@c图@d24cm | |
| 225 | 2 | @a博士论丛 |
| 312 | @a封面英文题名:The exploration of development trend of contemporary convention and exhibition building | |
| 330 | @a本书首先就当代会展建筑的发展趋势展开初步的探索;之后结合对国内会展建筑规划设计、开发建造及使用现状的参观考察,来探求国内在这一领域内的发展状况;最后就我国会展建筑未来的发展建设问题给出一些设想和建议。 | |
| 410 | 0 | @12001 @a博士论丛 |
| 510 | 1 | @aExploration of development trend of contemporary convention and exhibition building@zeng |
| 606 | 0 | @a展览馆@x建筑设计@x研究@y中国 |
| 690 | @aTU242.5@v4 | |
| 701 | 0 | @a周振宇@f(1976~)@4著@Azhou zhen yu |
| 801 | 0 | @aCN@c20160515 |
| 905 | @a河南城建学院图书馆@dTU242.5@eZ818 | |
| 当代会展建筑发展趋势暨我国会展建筑发展探索/周振宇著.-北京:中国建筑工业出版社,2008 |
| 300页:图;24cm.-(博士论丛) |
| ISBN 978-7-112-10430-7:CNY42.00 |
| 本书首先就当代会展建筑的发展趋势展开初步的探索;之后结合对国内会展建筑规划设计、开发建造及使用现状的参观考察,来探求国内在这一领域内的发展状况;最后就我国会展建筑未来的发展建设问题给出一些设想和建议。 |
| ● |
| 相关链接 |
|
|
|
正题名:当代会展建筑发展趋势暨我国会展建筑发展探
索取号:TU242.5/Z818
 
预约/预借
| 序号 | 登录号 | 条形码 | 馆藏地/架位号 | 状态 | 备注 |
| 1 | 1231546 | 212315467 | 建筑库101/101建筑库 67排7列1层/ [索取号:TU242.5/Z818] | 在馆 | |
| 2 | 1231547 | 212315476 | 建筑库101/101建筑库 67排7列1层/ [索取号:TU242.5/Z818] | 在馆 | |
| 3 | 1231548 | 212315485 | 建筑库101/101建筑库 67排7列1层/ [索取号:TU242.5/Z818] | 在馆 | |
| 4 | 1231549 | 212315494 | 建筑库101/101建筑库 67排7列1层/ [索取号:TU242.5/Z818] | 在馆 | |
| 5 | 1231550 | 212315500 | 建筑库101/101建筑库 67排7列1层/ [索取号:TU242.5/Z818] | 在馆 | |
| 6 | 1283347 | 212833479 | 建筑库101/101建筑库 67排7列1层/ [索取号:TU242.5/Z818] | 在馆 | |
| 7 | 1283348 | 212833488 | 建筑库101/101建筑库 67排7列1层/ [索取号:TU242.5/Z818] | 在馆 | |
| 8 | 1283349 | 212833497 | 建筑库101/101建筑库 67排7列1层/ [索取号:TU242.5/Z818] | 在馆 |